| 000 | 00617nam a22001817a 4500 | ||
|---|---|---|---|
| 005 | 20251108170858.0 | ||
| 008 | 250721s1998 xx 000 0 ara d | ||
| 082 | 1 | 4 | _a658.4034/محم |
| 100 | 1 | _aعواد، محمد سليمان | |
| 245 | 1 | 0 |
_aبحوث العمليات : _bالنظرية و التطبيقات / |
| 264 | 1 |
_aعمان : _bدار الفكر للطباعة و النشر و التوزيع، _c1998. |
|
| 300 | _a400ص | ||
| 650 | 1 | 7 | _aالإدارة و التنظيم |
| 650 | 1 | 7 | _aبحوث العمليات |
| 700 | 1 | _aفريحات، حيدر محمود | |
| 942 |
_2ddc _cBK |
||
| 999 |
_c51154 _d51154 |
||